000 00551 a2200217 4500
005 20260209164316.0
008 260209b |||||||| |||| 00| 0 eng d
020 _a9783662665466
_c£ 64.99
040 _aMAIN
082 _a576
_bR276E(3)
100 _aReineke, Walter
245 _aEnvironmental microbiology
250 _a3rd
260 _bSpringer Spektrum
_c2023
_aBerlin
300 _axvi, 603
650 _aMicro organisms
650 _aMicrobiology
650 _aEnvironment chemicals
700 _aSchlomann, Michael
942 _cBK
999 _c395797
_d395797